000 00868cab a2200253 4500
001 ABS60615
008 090401t1999 xxu||||| |||| 00| 0 eng d
035 _a(Sirsi) u93589
041 _aeng
100 _aWillsher, G.
245 _aRebounding after a bomb
260 _c1999
350 _a0
490 _aBuilding Services Journal
_v21(5) May 1999, 41-42(2)
520 _aOutlines the refurbishment issues of bombed-out buildings, with particular reference to the South Quay Plaza in Docklands. Argues that damage from a blast need not be fatal, and that service systems can be saved.
650 _aBOMBING
650 _aBlock management
_96220
650 _aLONDON DOCKLANDS
650 _aBUILT ENVIRONMENT-BUILDING MAINTENANCE AND REFURBISHMENT
650 _aSOUTH QUAY PLAZA
690 _aRefurbishment
_96264
942 _n0
948 _c27/05/1999
999 _c59308
_d59308